Statistics for Speed Geography 5

Click here to take the quiz!

General Stats

  • This quiz has been taken 59 times
  • The average score is 7 of 15

Answer Stats

Hint Answer % Correct
How many countries have the suffix "stan" in their name?7
98%
What is the only US state that starts with G?Georgia
92%
Greenland is a territory of what country?Denmark
72%
What country is the Crimean Peninsula a part of?Ukraine
70%
What is the largest city in Brazil?Sao Paulo
62%
What country borders the Atlantic Ocean, Ghana, and Benin?Togo
57%
What city is home to the Burj Khalifa, the tallest building in the world?Dubai
55%
What country was previously called Rhodesia?Zimbabwe
53%
Japan was ruled by Emperor ____ during World War II.Hirohito
43%
What is the only country on the Mid-Atlantic Ridge?Iceland
38%
What sea does Romania border?Black Sea
36%
What country is Roseau the capital of?Dominica
32%
What is the longest river in Asia?Yangtze River
15%
The North American and _____ plates are moving apart.European
11%
What waterway goes between Madagascar and the African mainland?Mozambique Channel
8%

Score Distribution

Percentile by Number Answered

Percent of People with Each Score

Your Score History

You have not taken this quiz